NBA 2017-18 Starting Five Per Division - Statistics

General Stats
  • This quiz has been taken 376 times
  • The average score is 19 of 30
Answer Stats
Division Position Player % Correct
Pacific PG Stephen Curry
99%
Central SF LeBron James
98%
Pacific SF Kevin Durant
92%
Atlantic PG Kyrie Irving
91%
Pacific SG Klay Thompson
87%
Southwest SG James Harden
85%
Northwest PG Russell Westbrook
85%
Southwest PG Chris Paul
78%
Southwest SF Kawhi Leonard
78%
Southwest PF Anthony Davis
76%
Northwest SF Paul George
74%
Central PF Giannis Antetokounmpo
73%
Atlantic C Joel Embiid
68%
Southwest C DeMarcus Cousins
66%
Northwest C Karl-Anthony Towns
66%
Atlantic SG DeMar DeRozan
64%
Northwest SG Jimmy Butler
64%
Pacific PF Blake Griffin
62%
Southeast PG John Wall
57%
Southeast SG Bradley Beal
53%
Central C Andre Drummond
50%
Northwest PF Carmelo Anthony
50%
Pacific C DeAndre Jordan
49%
Central PG Isaiah Thomas
47%
Atlantic PF Kristaps Porzingis
40%
Southeast C Hassan Whiteside
37%
Atlantic SF Gordon Hayward
36%
Central SG Victor Oladipo
34%
Southeast PF Aaron Gordon
27%
Southeast SF Otto Porter
18%
No matching quizzes found
Score Distribution
Percent of People with Each Score
Percentile by Number Answered
Your Score History
You have not taken this quiz